000 00739nam a2200289Ia 4500
005 20260324112635.0
008 008 260324s9999 xx 000 0 eng d
020 _a9781032714806
037 _aEBOOK
040 _aCRL
040 _beng
040 _cCRL
041 _2eng
041 _aeng
084 _qCRL
100 _aYoussef Baddi; Mohammed Amin Almaiah; Omar Almomani; Yassine Maleh
_91143539
245 4 _aThe Art of Cyber Defense
245 0 _bFrom Risk Assessment to Threat Intelligence
260 _bTaylor and Francis
260 _c2024
365 _a
365 _b225
856 _uhttp://www.taylorfrancis.com/books/9781032714806
942 _cEBOOK
999 _c1732823
_d1732823